Statistics for Arsenal London vs. Liverpool FC games since 2006 - goalscorers (Premiership, FA Cup, League Cup. UEFA Champions League)

Click here to take the quiz!

General Stats

  • This quiz has been taken 252 times
    (168 since last reset)
  • The average score is 19 of 89

Answer Stats

DateStadiumCompetitionScoreGoalscorer% Correct
12.03.2006HighburyPremier League2:1Thierry Henry
71%
21.04.2009Anfield RoadPremier League4:4Andrey Arshavin
42%
Andrey Arshavin
39%
Andrey Arshavin
39%
Andrey Arshavin
39%
08.02.2014Anfield RoadPremier League5:1Martin Škrtel
39%
Daniel Sturridge
37%
Fernando Torres
36%
Martin Škrtel
36%
Raheem Sterling
36%
Raheem Sterling
36%
Alexis Sanchez
34%
Mesut Özil
34%
14.02.2006Anfield RoadPremier League1:0Luis Garcia
33%
Thierry Henry
33%
Fernando Torres
32%
Oliver Giroud
32%
Yossi Benayoun
32%
Mikel Arteta
30%
Martin Škrtel
29%
Olivier Giroud
28%
04.04.2015Emirates StadiumPremier League4:1Héctor Bellerín
27%
Jordan Henderson
27%
Steven Gerrard
26%
Yossi Benayoun
25%
Aaron Ramsey
24%
Julio Baptista
24%
30.01.2013Emirates StadiumPremier League2:2Luis Suarez
24%
Steven Gerrard
24%
Emmanuel Adebayor
23%
Julio Baptista
23%
02.09.2012Anfield RoadPremier League0:2Lukas Podolski
23%
Robin van Persie
23%
Santi Cazorla
23%
Julio Baptista
22%
Robin van Persie
22%
Thierry Henry
22%
Julio Baptista
21%
Luis Garcia
21%
Mathieu Debuchy
21%
Steven Gerrard
21%
16.02.2014Emirates StadiumFA Cup2:1Alex Oxlade-Chamberlain
20%
Fernando Torres
20%
Luis Suarez
19%
Oliver Giroud
19%
31.03.2007Anfield RoadPremier League1:4Peter Crouch
19%
Peter Crouch
19%
21.12.2014Anfield RoadPremier League2:2Philippe Coutinho
19%
17.04.2011Emirates StadiumPremier League1:1Robin van Persie
19%
02.11.2013Emirates StadiumPremier League2:0Santi Cazorla
19%
28.10.2007Anfield RoadPremier League1:1Steven Gerrard
19%
Theo Walcott
19%
Lukas Podolski
18%
Peter Crouch
18%
Dirk Kuyt
17%
Jordan Henderson
17%
Kolo Toure
17%
Ryan Babel
17%
08.04.2008Anfield RoadChampions League4:2Abou Diaby
16%
Dirk Kuyt
16%
02.04.2008Emirates StadiumChampions League1:1Emmanuel Adebayor
16%
09.01.2007Anfield RoadCarling Cup3:6Jeremie Aliadiere
16%
William Gallas
16%
12.11.2006Emirates StadiumPremier League3:0Mathieu Flamini
14%
20.08.2011Emirates StadiumPremier League0:2Aaron Ramsey - own goal
13%
10.02.2010Emirates StadiumPremier League1:0Abou Diaby
13%
Andrey Arshavin
13%
Cesc Fabregas
13%
15.08.2010Anfield RoadPremier League1:1David Ngog
13%
Jose Manuel Reina - own goal
13%
Robbie Keane
13%
06.01.2007Anfield RoadFA Cup1:3Tomas Rosicky
13%
28.10.2009Emirates StadiumCarling Cup2:1Fran Merida
12%
21.12.2008Emirates StadiumPremier League1:1Robin van Persie
12%
Robbie Fowler
11%
Sami Hyypia
11%
Tomas Rosicky
11%
Alex Song
10%
Daniel Agger
10%
13.12.2009Anfield RoadPremier League1:2Dirk Kuyt
10%
Emiliano Insua
10%
Nicklas Bendtner
10%
Nicklas Bendtner
10%
05.04.2008Emirates StadiumPremier League1:1Peter Crouch
10%
Sami Hyypia
10%
William Gallas
10%
Dirk Kuyt
8%
Glen Johnson - own goal
7%
03.03.2012Anfield RoadPremier League1:2Laurent Koscielny - own goal
7%

Score Distribution

Percentile by Number Answered

Percent of People with Each Score

Your Score History

You have not taken this quiz since the last reset